Wie erkenne ich Gotische Kunst? : Architektur Skulptur Malerei

Guardado en:
Detalles Bibliográficos
Formato: Libro
Lenguaje:alemán
Publicado: Bindlach : Gondrom Verlag, 1991
Edición:1. vydanie
Materias:
Etiquetas: Agregar Etiqueta
Sin Etiquetas, Sea el primero en etiquetar este registro!

MARC

LEADER 00000nam a22000003a 4500
001 0064897
003 SK-STU
005 20190326135403.2
007 ta
008 180507s ----xo-----e------000-0-----d
020 |a 3-8112-0749-0 
040 |a STU  |b slo 
041 0 |a ger 
044 |a gw 
245 1 0 |a Wie erkenne ich Gotische Kunst? :  |b Architektur Skulptur Malerei 
250 |a 1. vydanie 
260 |a Bindlach :  |b Gondrom Verlag,  |c 1991 
300 |a 64 s. 
650 0 7 |a gotika 
650 0 7 |a gotická architektúra 
650 0 7 |a sakrálna architektúra 
650 0 7 |a sochárstvo 
650 0 7 |a maliarstvo 
650 0 7 |a katedrála 
650 0 7 |a kostol 
996 |b 284AU07404  |c A* 10653/U  |l AAKNST  |s P  |a 0  |w 0064897_0001